Southville International School and Colleges
Your cart is empty.
  • Cart
  • Lists
    Public lists Eva Luna New books Lux_list list_1
    Your lists Log in to create your own lists
  • Log in to your account
  • Your cookies
  • Search history
Southville International School and Colleges
  • Advanced search
  • Recent comments
  • Most popular
  • Libraries

Log in to your account

Log in with GOOGLE


If you do not have an external account, but do have a local account, you can still log in:

  1. Home
  2. MARC view: Math links 9C /
Normal view MARC view ISBD view

Math links 9C / (Record no. 8394)

[ view plain ]
MARC details
000 -LEADER
fixed length control field 00685nam a22002057a 4500
003 - CONTROL NUMBER IDENTIFIER
control field OSt
005 - DATE AND TIME OF LATEST TRANSACTION
control field 20140310182023.0
008 - FIXED-LENGTH DATA ELEMENTS--GENERAL INFORMATION
fixed length control field 130801t xxu||||| |||| 00| 0 eng d
020 ## - INTERNATIONAL STANDARD BOOK NUMBER
International Standard Book Number 9780199153046
050 ## - LIBRARY OF CONGRESS CALL NUMBER
Classification number QA 135.6
Item number .Ap649 2009
082 ## - DEWEY DECIMAL CLASSIFICATION NUMBER
Classification number TR 510
Item number Ap651c 2009
100 ## - MAIN ENTRY--PERSONAL NAME
Personal name Appleton, Marguerite
9 (RLIN) 1341
245 ## - TITLE STATEMENT
Title Math links 9C /
Statement of responsibility, etc Marguerite Appleton.
260 ## - PUBLICATION, DISTRIBUTION, ETC. (IMPRINT)
Place of publication, distribution, etc Oxford, UK :
Name of publisher, distributor, etc Oxford University Press,
Date of publication, distribution, etc c2009.
300 ## - PHYSICAL DESCRIPTION
Extent 256 p. :
Other physical details col. ill. ;
Dimensions 26 cm.
650 ## - SUBJECT ADDED ENTRY--TOPICAL TERM
Topical term or geographic name as entry element Mathematics
General subdivision Study and teaching (Secondary)
-- Great Britain.
9 (RLIN) 7191
650 ## - SUBJECT ADDED ENTRY--TOPICAL TERM
Topical term or geographic name as entry element Mathematics
General subdivision Problems, exercises, etc.
-- Juvenile literature.
9 (RLIN) 7192
942 ## - ADDED ENTRY ELEMENTS (KOHA)
Source of classification or shelving scheme Library of Congress Classification
Koha item type
Call number prefix
Holdings
Withdrawn status Lost status Source of classification or shelving scheme Damaged status Home library Current library Shelving location Date acquired Total Checkouts Full call number Barcode Date last seen Copy number Price effective from Koha item type
    Library of Congress Classification   Luxembourg Library Luxembourg Library Teachers Reference Section 08/01/2013   QA 135.6 .Ap649 2009 19435 08/13/2013 1 08/01/2013 Books

Math links 9C /

APA

Appleton M., . (2009). Math links 9C. Oxford, UK: Oxford University Press.

Chicago

Appleton Marguerite, . 2009. Math links 9C. Oxford, UK: Oxford University Press.

Harvard

Appleton M., . (2009). Math links 9C. Oxford, UK: Oxford University Press.

MLA

Appleton Marguerite, . Math links 9C. Oxford, UK: Oxford University Press. 2009.

  • Place hold
  • Print
  • Cite
  • Add to your cart (remove)
  • Save record
    BIBTEX Dublin Core MARCXML MARC (non-Unicode/MARC-8) MARC (Unicode/UTF-8) MARC (Unicode/UTF-8, Standard) MODS (XML) RIS
  • More searches
    Search for this title in:
    Other Libraries (WorldCat) Other Databases (Google Scholar) Online Stores (Bookfinder.com) Open Library (openlibrary.org)

Exporting to Dublin Core...

SOUTHVILLE LIBRARY

Southville International School and Colleges Library

1281 Tropical Ave. Cor. Luxembourg St., BF Homes International, Las Pinas City

Tel. No. 8256374 / 252358 Loc. 117/146

Powered by Koha